Countries by City - Statistics

General Stats
  • This quiz has been taken 21 times
    7 since last reset
  • The average score is 13 of 15
Answer Stats
City Country % Correct
Buenos Aires Argentina
100%
Dublin Ireland
100%
Auckland New Zealand
100%
Warsaw Poland
100%
Saint Petersburg Russia
100%
Seattle United States of America
100%
Caracas Venezuela
100%
Nairobi Kenya
86%
Karachi Pakistan
86%
Nicosia Cyprus
71%
Abuja Nigeria
71%
Colombo Sri Lanka
71%
Thimpu Bhutan
57%
Vaduz Liechtenstein
57%
Busan South Korea
57%
No matching quizzes found
Score Distribution
Percent of People with Each Score
Percentile by Number Answered
Your Score History
You have not taken this quiz since the last reset